PR-SOF-1508-BCI Controlled Robotic Gait Trainer (Record no. 577645)
[ view plain ]
| 000 -LEADER | |
|---|---|
| fixed length control field | 00416nam a22001217a 4500 |
| 082 ## - DEWEY DECIMAL CLASSIFICATION NUMBER | |
| Classification number | PRO 220 |
| 100 ## - MAIN ENTRY--PERSONAL NAME | |
| Personal name | Naveed Akhter Shahzaib Farooq Anas Abdullah Qazi Umer Jamil |
| 9 (RLIN) | 70756 |
| 245 ## - TITLE STATEMENT | |
| Title | PR-SOF-1508-BCI Controlled Robotic Gait Trainer |
| 260 ## - PUBLICATION, DISTRIBUTION, ETC. | |
| Place of publication, distribution, etc. | ISLAMABAD |
| Name of publisher, distributor, etc. | NUST COLLEGE OF EME |
| Date of publication, distribution, etc. | 2016 |
| 650 ## - SUBJECT ADDED ENTRY--TOPICAL TERM | |
| Topical term or geographic name entry element | DE-MTS-34 |
| 9 (RLIN) | 70757 |
| 700 ## - ADDED ENTRY--PERSONAL NAME | |
| Personal name | SUPEERVISOR Dr. Mohsin Tiwana Malik Asst. Prof. Nida Aziz |
| 9 (RLIN) | 70758 |
| 942 ## - ADDED ENTRY ELEMENTS (KOHA) | |
| Koha item type | Continuing Resources |
| Withdrawn status | Lost status | Damaged status | Not for loan | Permanent Location | Current Location | Shelving location | Date acquired | Total Checkouts | Full call number | Barcode | Date last seen | Price effective from | Koha item type |
|---|---|---|---|---|---|---|---|---|---|---|---|---|---|
| College of Electrical & Mechanical Engineering (CEME) | College of Electrical & Mechanical Engineering (CEME) | Reference | 11/29/2019 | PRO 220 | PR-SOF-1508 | 06/28/2021 | 06/28/2021 | Continuing Resources |
